MLB Award Winners 2010-2020 - Statistics

General Stats
  • This quiz has been taken 204 times
  • The average score is 52 of 88
Answer Stats
Hint Answer % Correct
2014 AL MVP Mike Trout
91%
2016 AL MVP Mike Trout
91%
2019 AL MVP Mike Trout
91%
2012 AL ROY Mike Trout
91%
2011 AL MVP Justin Verlander
90%
2011 AL CY Justin Verlander
90%
2019 AL CY Justin Verlander
90%
2012 AL MVP Miguel Cabrera
85%
2013 AL MVP Miguel Cabrera
85%
2011 AL Batting Title Miguel Cabrera
85%
2012 AL Batting Title Miguel Cabrera
85%
2013 AL Batting Title Miguel Cabrera
85%
2015 AL Batting Title Miguel Cabrera
85%
2015 NL MVP Bryce Harper
84%
2012 NL ROY Bryce Harper
84%
2014 NL MVP Clayton Kershaw
83%
2011 NL CY Clayton Kershaw
83%
2013 NL CY Clayton Kershaw
83%
2014 NL CY Clayton Kershaw
83%
2013 AL CY Max Scherzer
83%
2016 NL CY Max Scherzer
83%
2017 NL CY Max Scherzer
83%
2019 NL MVP Cody Bellinger
82%
2017 NL ROY Cody Bellinger
82%
2017 AL MVP Jose Altuve
79%
2014 AL Batting Title Jose Altuve
79%
2016 AL Batting Title Jose Altuve
79%
2017 AL Batting Title Jose Altuve
79%
2020 NL MVP Freddie Freeman
77%
2018 AL MVP Mookie Betts
77%
2018 AL Batting Title Mookie Betts
77%
2017 AL ROY Aaron Judge
76%
2018 NL MVP Christian Yelich
76%
2018 NL Batting Title Christian Yelich
76%
2019 NL Batting Title Christian Yelich
76%
2018 NL CY Jacob deGrom
76%
2019 NL CY Jacob deGrom
76%
2014 NL ROY Jacob deGrom
76%
2017 NL MVP Giancarlo Stanton
73%
2016 NL MVP Kris Bryant
73%
2015 NL ROY Kris Bryant
73%
2020 AL MVP Jose Abreu
70%
2014 AL ROY Jose Abreu
70%
2012 NL MVP Buster Posey
63%
2010 NL ROY Buster Posey
63%
2012 NL Batting Title Buster Posey
63%
2015 AL MVP Josh Donaldson
59%
2020 NL CY Trevor Bauer
59%
2010 NL MVP Joey Votto
57%
2020 AL CY Shane Bieber
57%
2018 AL ROY Shohei Ohtani
57%
2013 NL MVP Andrew McCutchen
56%
2014 AL CY Corey Kluber
54%
2017 AL CY Corey Kluber
54%
2011 NL MVP Ryan Braun
54%
2010 AL MVP Josh Hamilton
53%
2010 AL Batting Title Josh Hamilton
53%
2018 NL ROY Ronald Acuna Jr
53%
2015 NL CY Jake Arrieta
50%
2012 AL CY David Price
46%
2016 AL CY Rick Porcello
46%
2018 AL CY Blake Snell
43%
2020 AL Batting Title DJ LeMahieu
43%
2016 NL Batting Title DJ LeMahieu
43%
2010 AL CY Felix Hernandez
41%
2020 NL Batting Title Juan Soto
41%
2019 NL ROY Pete Alonso
41%
2016 NL ROY Corey Seager
40%
2010 NL CY Roy Halladay
40%
2012 NL CY R. A. Dickey
38%
2015 AL CY Dallas Keuchel
36%
2020 AL ROY Kyle Lewis
36%
2019 AL Batting Title Tim Anderson
33%
2020 NL ROY Devin Williams
31%
2015 AL ROY Carlos Correa
28%
2013 NL ROY Jose Fernandez
24%
2019 AL ROY Yordan Alvarez
24%
2010 NL Batting Title Carlos Gonzalez
22%
2017 NL Batting Title Charlie Blackmon
21%
2014 NL Batting Title Justin Morneau
17%
2016 AL ROY Michael Fulmer
16%
2015 NL Batting Title Dee Gordon
14%
2011 NL ROY Craig Kimbrel
13%
2011 AL ROY Jeremy Hellickson
13%
2013 AL ROY Wil Myers
13%
2011 NL Batting Title Jose Reyes
12%
2010 AL ROY Neftali Feliz
10%
2013 NL Batting Title Michael Cuddyer
7%
No matching quizzes found
Score Distribution
Percent of People with Each Score
Percentile by Number Answered
Your Score History
You have not taken this quiz